000 00363nam a2200157Ia 4500
008 230312s9999||||xx |||||||||||||| ||und||
020 _a0-7494-4514-9
082 _aHUM
_b658.3
100 _aWilson John,P.
245 0 _aHuman Resource Development
260 _bKogan Page
_aLondon
_c2005
300 _a564
546 _aEng.
650 _aManagement
942 _cBK
999 _c821
_d821